Wired

Uloženo v:
Podrobná bibliografie
Médium: Kniha
Jazyk:Undetermined
Vydáno: San Francisco, Calif. Wired USA. 2019
Témata:
Tagy: Přidat tag
Žádné tagy, Buďte první, kdo otaguje tento záznam!
Thư viện lưu trữ: Trung tâm Học liệu Trường Đại học Cần Thơ
LEADER 00388nam a2200145Ia 4500
001 CTU_234355
008 210402s9999 xx 000 0 und d
082 |a 070 
082 |b W798 
245 0 |a Wired 
260 |a San Francisco, Calif. 
260 |b Wired USA. 
260 |c 2019 
650 |a Mạng máy tính,Computer networks 
980 |a Trung tâm Học liệu Trường Đại học Cần Thơ